Sports Quiz

Random Sports or MLB Quiz

Boston Red Sox of the 2010s Quiz Stats

Quiz not verified by Sporcle

Challenge
Share
Tweet
Embed
Score 0/218 Timer 17:00
0 Plays Today
Position(s) and Games Player % Correct
DH - 957David Ortiz
95.9%
2B - 1022Dustin Pedroia
95.9%
LHSP - 150/150Jon Lester
95%
1B/DH/LF - 385Hanley Ramirez
93%
RHRP - 33/0Noe Ramirez
91.9%
LHSP - 32/32Chris Sale
91.6%
CF - 384Jacoby Ellsbury
90.9%
1B - 282Adrian Gonzalez
89.3%
RHSP - 72/72Josh Beckett
89%
RF/CF - 508Mookie Betts
89%
RHSP - 170/154Clay Buchholz
88.7%
RHRP - 230/0Koji Uehara
87.6%
RF - 220J.D. Drew
87.3%
SS - 163Stephen Drew
87.1%
SS/3B - 623Xander Bogaerts
85.4%
3B/1B - 264Kevin Youkilis
85.4%
LHSP - 51/46David Price
85.2%
1B- 356Mike Napoli
84.8%
RHRP - 44/0Ramon Ramirez
84.6%
C - 107Jason Varitek
84%
C - 355Jarrod Saltalamacchia
83.7%
RHRP - 128/0Jonathan Papelbon
82.9%
RHSP - 111/111John Lackey
82.6%
LF - 185Andrew Benintendi
82.2%
1B - 149Mitch Moreland
81.3%
RHRP - 124/0Craig Kimbrel
81.3%
3B - 161Pablo Sandoval
81.2%
C/1B - 127Victor Martinez
81%
RF/SS/PH - 4Michael Martinez
80.4%
3B - 232Will Middlebrooks
80.2%
RHRP - 2/0Kyle Martin
79.4%
RHRP - 296/0Junichi Tazawa
79.1%
RHSP - 94/94Rick Porcello
79%
RF/LF/DH - 130Cody Ross
78.5%
C - 86David Ross
78.5%
2B/SS/3B - 38Eduardo Nunez
78.5%
CF/RF/LF - 527Jackie Bradley
78%
LF - 161Carl Crawford
78%
LF/DH - 194Jonny Gomes
78%
LHSP - 6/6Brian Johnson
76.9%
LF/RF - 424Daniel Nava
75.8%
1B/3B/PH/2B/DH/PR - 10Kelly Johnson
75.5%
RHRP - 11/0Carson Smith
73.9%
LHRP - 116/0Robbie Ross
73.1%
RF - 185Shane Victorino
72.2%
LHSP - 66/65Eduardo Rodriguez
72%
C/LF - 109Blake Swihart
72%
C - 204Sandy Leon
71.5%
C - 211Christian Vazquez
71%
3B - 154Adrian Beltre
70.5%
LHRP - 157/12Andrew Miller
70%
1B/3B - 210Travis Shaw
69.9%
LF/PH - 166Chris Young
69.9%
LHRP - 3/0Trever Miller
69.7%
RHSP - 65/42Tim Wakefield
69.7%
3B - 58Rafael Devers
69.2%
2B - 1Mike Miller
68.2%
LHSP - 46/45Drew Pomeranz
68.2%
LF/RF/CF/PR - 19Rajai Davis
66.4%
3B/2B - 47Aaron Hill
66.4%
RHSP - 44/43Daisuke Matsuzaka
64.7%
RHRP - 109/41Joe Kelly
63.7%
1B/DH - 73Mike Lowell
63.1%
RHRP - 29/0Addison Reed
62.6%
LHSP - 98/69Felix Doubront
62.5%
3B/2B/LF - 419Brock Holt
60.6%
2B/PH/PR/3B - 61Marco Hernandez
60.2%
RHSP - 30/30Jake Peavy
59.8%
LHRP - 44/4Rich Hill
58.7%
RHRP - 162/10Daniel Bard
58.1%
2B/3B/SS - 4Felipe Lopez
57.9%
RHSP - 32/29Ryan Dempster
55.6%
1B/LF/RF - 12Conor Jackson
55.4%
Position(s) and Games Player % Correct
RHRP - 49/0Andrew Bailey
54.5%
LF/1B -128Mike Carp
53.7%
2B/3B/SS - 25Tzu-Wei Lin
53.3%
RF/1B/PH/DH - 65Allen Craig
53.1%
RHRP - 9/0Joel Hanrahan
52.1%
LHRP - 63/0Hideki Okajima
52.1%
SS/3B - 98Jose Iglesias
52.1%
1B/LF - 30Lars Anderson
51.5%
RF/LF/CF - 99Rusney Castillo
51.4%
LHRP - 189/2Craig Breslow
49.9%
RHSP - 30/18Rubby de la Rosa
49.9%
RHRP - 44/0Alex Wilson
49.9%
RHSP - 55/40Steven Wright
49.9%
PH/RF/PR/DH - 3Corey Brown
49.8%
SS - 263Marco Scutaro
49.3%
C - 14Dusty Brown
49%
LF/DH - 51Yoenis Cespedes
49%
LHRP - 7/0Randy Williams
48.8%
CF/RF/LF - 234Darnell McDonald
48.8%
2B - 6John McDonald
48.8%
RF/LF - 116Josh Reddick
48.8%
RHSP - 18/15Doug Fister
48.6%
C - 89Ryan Hanigan
48.4%
RHRP - 72/18Brandon Workman
48.2%
C/DH - 97Ryan Lavarnway
48.2%
C - 72A.J. Pierzynski
48.2%
LHSP - 16/16Henry Owens
47.8%
SS/3B/2B - 143Jed Lowrie
47.7%
LHRP - 66/0Fernando Abad
47.7%
LHRP - 64/0Robby Scott
47.7%
3B/PH - 8Ryan Roberts
47.3%
3B/2B - 65Nick Punto
46.8%
3B/PH - 8Yoan Moncada
46.7%
LF/2B - 120Bill Hall
46%
LHRP - 93/10Franklin Morales
45.7%
1B/3B/DH - 37Mauro Gomez
45.7%
CF/RF - 81Mike Cameron
44.9%
RHRP - 14/0Ben Taylor
44.9%
LHSP - 32/32Wade Miley
44.6%
SS/3B - 174Mike Aviles
44.4%
RHRP - 135/10Alfredo Aceves
44.1%
RHRP - 1/0Fernando Cabrera
44.1%
RHSP - 19/18Allen Webster
44.1%
3B/PH/2B/SS - 109Deven Marrero
43%
1B/PH/DH - 33Sam Travis
43%
RHRP - 41/0Mark Melancon
41.9%
RHRP - 169/2Matt Barnes
40.8%
RHRP - 5/0Ryan Cook
40.3%
RHRP - 8/3Hector Velazquez
40.2%
SS - 1Angel Sanchez
39.9%
RHRP - 48/0Manny Delcarmen
39.7%
RHRP - 33/0Brad Ziegler
39.3%
1B - 30James Loney
39.1%
RF/CF - 63Ryan Sweeney
39.1%
RHRP - 32/0Blaine Boyer
37.4%
LHRP - 7/0Justin Thomas
37.2%
RHSP - 2/2Kyle Kendrick
36.4%
CF/LF/RF - 89Ryan Kalish
35.5%
LF/RF/PH - 34Bryce Brentz
35.5%
C - 29Kevin Cash
35.3%
CF - 34Marlon Byrd
34.7%
C - 48Kelly Shoppach
34.4%
LF/RF/CF - 13Quintin Berry
34.2%
RHRP - 128/0Heath Hembree
33.9%
RHSP - 18/9Justin Masterson
33.9%
RHSP - 18/18Aaron Cook
33.6%
3B/2B/SS/DH - 76Pedro Ciriaco
32.2%
RHRP - 13/0Austin Maddox
31.8%
PR/DH - 1 Luis Jimenez
31.7%
3B/1B - 27Brandon Snyder
31.1%
RHSP - 2/2Zach Stewart
30.9%
LHRP - 2/0Edwin Escobar
29.8%
C - 7Dan Butler
29.8%
Position(s) and Games Player % Correct
LF/CF/RF - 52Grady Sizemore
29.8%
LHRP - 20/0Matt Thornton
29.8%
RHRP - 96/0Matt Albers
28.9%
LHSP - 8/8Erik Bedard
28.4%
SS/3B/2B/PH - 42Jonathan Herrera
28.2%
PH/2B - 2Chase d'Arnaud
28%
RHRP - 64/0Alexi Ogando
28%
2B/3B - 104Josh Rutledge
28%
RHRP - 75/0Edward Mujica
26.5%
RF/CF - 9Che-Hsuan Lin
26.4%
SS/3B - 36Yamaico Navarro
26.4%
LF/CF/2B - 45Eric Patterson
26.4%
RHRP - 102/1Scott Atchison
26.2%
RHSP - 5/4Sean O'Sullivan
25.6%
LHRP - 4/0Dennys Reyes
25.3%
3B/2B - 5Jonathan Diaz
25.3%
C - 4Gustavo Molina
25.3%
RHRP - 70/0Burke Badenhop
25.3%
C - 14Bryan Holaday
25.2%
RHRP - 8/0Chris Carpenter
23.7%
RHRP - 47/0Dan Wheeler
23.7%
LHRP - 4/1Roenis Elias
23.3%
RHRP - 8/0Joe Nelson
22.9%
LF/CF - 63Scott Podsednik
22.9%
LHRP - 128/0Tommy Layne
22.9%
RHRP - 7/0Jose de la Torre
22%
LHRP - 28/0Chris Capuano
22%
3B - 13Garin Cecchini
22%
RHRP - 6/0Jonathan Aro
22%
RHRP - 19/0Bobby Jenks
21.8%
2B/3B/SS - 8Ivan de Jesus
21.8%
RHSP - 7/7Anthony Ranaudo
21.6%
PH/PR/3B/CF - 8Steve Selsky
21.5%
LF/RF - 60Alejandro de Aza
20.4%
RHRP - 30/0Michael Bowden
20.1%
RF/CF/1B - 12Brent Lillibridge
20.1%
RHRP - 56/0Vicente Padilla
19.8%
PH/PR/1B/2B - 2Niuman Romero
19.8%
LF - 52Jeremy Hermida
19.6%
2B/SS/PR/PH - 17Jemile Weeks
19.2%
LHRP - 26/0Dustin Richardson
18.7%
PH - 6Ryan LaMarre
18.7%
3B - 10Danny Valencia
18.2%
RHRP - 2/0Pat Light
18.2%
RHRP - 50/0Clayton Mortensen
17.9%
CF/RF/LF - 22Jonathan Van Every
17.6%
RF/PH - 3Alex Hassan
17.6%
RHSP - 7/5Kyle Weiland
17.4%
PR/LF - 7Joey Gathright
17.4%
RHRP - 3/0Matt Fox
16.8%
RHRP - 26/0Jean Machi
16.7%
RHRP - 3/0Roman Mendez
16.7%
3B/PR/SS - 3Jeff Bianchi
16.7%
RHRP - 1/0Brayan Villarreal
16.5%
LHRP - 25/0Drake Britton
16.3%
RHRP - 9/0Anthony Varvaro
15.6%
LF/PH - 4Carlos Peguero
15.6%
RHRP - 2/0Boof Bonser
14.9%
RHRP - 3/0William Cuevas
13.6%
PH/1B - 5Ryan Shealy
13.2%
3B/2B/1B/SS - 31Drew Sutton
13.2%
RHRP - 14/0Pedro Beato
12.9%
C - 2Guillermo Quiroz
12.9%
CF/DH - 5Jason Repko
12.4%
RHRP - 1/0Dalier Hinojosa
11.8%
RHRP - 1/0Justin Germano
11.6%
RHRP - 6/0Robert Coello
11%
LHRP - 8/0Tommy Hottovy
11%
3B/PH/DH - 4Carlos Rivero
11%
LHRP - 15/0Scott Schoeneweis
10.2%
LF/2B/3B - 7Nate Spears
10.2%
RHRP - 10/0Robert Manuel
9.9%

You're not logged in!

Compare scores with friends on all Sporcle quizzes.
Join for Free
OR
Log In

You Might Also Like...

Show Comments

Extras

Top Quizzes Today


Score Distribution

Your Account Isn't Verified!

In order to create a playlist on Sporcle, you need to verify the email address you used during registration. Go to your Sporcle Settings to finish the process.

Report this User

Report this user for behavior that violates our Community Guidelines.

Details: